000 00314nam a2200133Ia 4500
005 20260328101517.0
008 260328s9999||||xx |||||||||||||| ||und||
100 _aDeschamps, Paul
245 0 _aTerre Sainte Romane /
_cPaul Deschamps
260 _bZodiaque
300 _a322 p.
650 _aROMÁNICO
942 _cBK
999 _c9415
_d9415